| 000 | 01527nam a2200541 a 4500 | ||
|---|---|---|---|
| 003 | AR-BaBNM | ||
| 005 | 20251128204741.0 | ||
| 008 | 082120s2002 ||||||||||||||000 | spa|| | ||
| 020 | _a950-581-098-X | ||
| 040 | _cAR-BaBNM | ||
| 245 | 0 | 0 |
_aCuentos españoles contemporáneos _bantología |
| 250 | _a1ª ed. | ||
| 260 |
_aBuenos Aires _bColihue _c1993 |
||
| 300 | _a221 p. | ||
| 490 | 0 |
_aLeer y crear _vv. 89 |
|
| 500 | _aContiene índice general de las materias | ||
| 500 | _aPropuestas de trabajo para los alumnos | ||
| 500 | _aBiografía del autor | ||
| 504 | _aBibliografía del autor y de la obra | ||
| 600 | 1 | 4 | _aRodoreda, Mercé |
| 600 | 1 | 4 | _aGarcía Nieto, José |
| 600 | 1 | 4 | _aHoyo, Arturo Del |
| 600 | 1 | 4 | _aCela, Camilo José |
| 600 | 1 | 4 | _aCampos, Jorge |
| 600 | 1 | 4 | _aGarcía Pavón, Francisco |
| 600 | 1 | 4 | _aLaforet, Carmen |
| 600 | 1 | 4 | _aPeraile, Meliano |
| 600 | 1 | 4 | _aAldecoa, Ignacio |
| 600 | 1 | 4 | _aFraile, Medardo |
| 600 | 1 | 4 | _aMatute, Ana María |
| 600 | 1 | 4 | _aFernández Santos, Jesus |
| 600 | 1 | 4 | _aCandel, Francisco |
| 600 | 1 | 4 | _aSueiro, Daniel |
| 600 | 1 | 4 | _aMurciano, Carlos |
| 600 | 1 | 4 | _aSantos, Domingo |
| 600 | 1 | 4 | _aNavales, Ana María |
| 650 | 4 | _aCUENTOS | |
| 650 | 4 | _aLITERATURA | |
| 650 | 4 | _aGUERRA CIVIL | |
| 651 | 4 | _aEspaña | |
| 653 | _aEDUCACION SECUNDARIA | ||
| 655 | _aLITERATURA | ||
| 700 | 1 |
_aGiglio, Susana _eprologuista |
|
| 700 | 1 |
_aOlivato, Lores _eprologuista |
|
| 800 | 1 |
_aPetruzzi, Herminia _edirector |
|
| 942 | _cBK | ||
| 998 | _cisola | ||
| 999 |
_c8676 _d8676 |
||